书目信息 |
| 题名: |
产业组织结构与产业竞争力研究
|
|
| 作者: | 罗元青 著 | |
| 分册: | ||
| 出版信息: | 北京 中国经济出版社 2007.11 |
|
| 页数: | 273页 | |
| 开本: | 21cm | |
| 丛书名: | ||
| 单 册: | ||
| 中图分类: | F426.471 | |
| 科图分类: | ||
| 主题词: | 工业经济--中国 | |
| 电子资源: | ||
| ISBN: | 7-5017-7884-1 | |
| 000 | 00623nam0 2200193 450 | |
| 001 | 1535737912 | |
| 005 | 20150930111521.12 | |
| 010 | @a7-5017-7884-1@dCNY26.00 | |
| 100 | @a20150929d2007 km y0chiy0120 ea | |
| 101 | 0 | @achi |
| 102 | @aCN@b110000 | |
| 200 | 1 | @a产业组织结构与产业竞争力研究@Achan ye zu zhi jie gou yu chan ye jing zheng li yan jiu@f罗元青著@Fluo yuan qing zhu |
| 210 | @a北京@c中国经济出版社@d2007.11 | |
| 215 | @a273页@d21cm | |
| 606 | 0 | @a工业经济@x中国 |
| 690 | @aF426.471@v4 | |
| 701 | 0 | @a罗元青@Aluo yuan qing@4著 |
| 801 | 0 | @aCN@b大连网信软件有限公司图书馆·11@c20150930 |
| 905 | @aZUCC@dF426.471@eL975 | |
| 产业组织结构与产业竞争力研究/罗元青著.-北京:中国经济出版社,2007.11 |
| 273页;21cm |
| ISBN 7-5017-7884-1:CNY26.00 |
| ● |
| 相关链接 |
|
|
|
正题名:产业组织结构与产业竞争力研究
索取号:F426.471/L975
 
预约/预借
| 序号 | 登录号 | 条形码 | 馆藏地/架位号 | 状态 | 备注 |
| 1 | 497635 | 204976357 | 社科库409/409社科库 36排3列5层/ [索取号:F426.471/L975] | 在馆 |